| 000 | 00928nam a22002297a 4500 | ||
|---|---|---|---|
| 003 | OSt | ||
| 005 | 20260211082425.0 | ||
| 008 | 240820b ||||| |||| 00| 0 eng d | ||
| 040 | _c0 | ||
| 082 | _aDPer 320.05 As421 April-December 2020 v. 28 n. 1-3 | ||
| 100 |
_aRich, Timothy S. _eauthor. _958471 |
||
| 245 |
_aProximity, contact and tolerance of homosexuals in Korea : _bevidence from an experimental survey / _cTimothy S. Rich and Isabel Eliassen. |
||
| 260 |
_aUnited Kingdom ; _bTaylor & Francis Group , _cDecember 2020. |
||
| 300 |
_aVolume 28, pages 195-211 : _billustration ; _c26 cm. |
||
| 500 | _aAsian Journal of Political Science, vol. 28, no. 3, pages 195-211, December 2020. | ||
| 650 | 0 |
_aKorea (South). _949362 |
|
| 650 | 0 |
_a Relational proximity. _967020 |
|
| 650 | 0 |
_aHomosexuality. _930596 |
|
| 700 |
_aRich, Timothy S. _eauthor. _958471 |
||
| 700 |
_aEliassen, Isabel. _eauthor. _958472 |
||
| 942 |
_2ddc _cPER |
||
| 999 |
_c20700 _d20700 |
||